| 000 | 00791nam a2200229Ii 4500 | ||
|---|---|---|---|
| 003 | JO-AjNU | ||
| 008 | 230605s9999||||xx |||||||||||||| ||und|| | ||
| 017 | _a2006/16798 | ||
| 020 | _a977-5159-91-1 | ||
| 040 |
_aJO-AjNU _bara _erda _cJO-AjNU |
||
| 041 | _aara | ||
| 050 | 1 | 4 | _aHF5655.A7.D33 2008 |
| 100 | 3 |
_aالدهراوي، كمال الدين مصطفى, _eauthor _932215 |
|
| 245 | 0 | 0 | _aمبادىء المحاسبة المالية |
| 250 | _aط1 | ||
| 264 | 3 | 1 | _aالاسكندرية: المكتب الجامعي الحديث، 2008 |
| 300 |
_a400ص _bيحتوي على ببلوغرافية من ص397-400ص |
||
| 336 |
_atext _btxt _2rdacontent |
||
| 337 |
_aunmediated _bn _2rdamedia |
||
| 338 |
_avolume _bnc _2rdacarrier |
||
| 650 | 4 |
_aالمحاسبة المالية _932216 |
|
| 999 |
_aA12978 _c16546 _d16546 |
||